000 02047nam0a2200385 4500
001 RU\NLR\bibl\1277964
005 20250615140233.0
010 _a5-87941-535-3
_9100
021 _aRU
_b2008-60150
_93375
035 _a(nilc)EL/0000212556
035 _aRUM0049209
035 _a(NLR Aleph) 001263768
090 _a395615
_c395615
100 _a20080804d2008 |||y0rusy50 ca
101 0 _arus
102 _aRU
105 _aa |||||||||
200 1 _aАнаэробные аппараты для биологической очистки сточных вод
_eучебное пособие
_fИ.В. Катраева, С.В. Кулемина
_gМ-во образования и науки Рос. Федерации, Федер. агентство по образованию, Гос. образоват. учреждение высшего проф. образования "Нижегор. гос. архитектурно-строит. ун-т"
210 _aНижний Новгород
_cННГАСУ
_d2008
215 _a76 с.
_cил.
_d21
320 _aБиблиогр.: с. 72-75 (43 назв.)
606 1 _aСточные воды
_jУчебные издания для высших учебных заведений
_xОчистка
_xБиологические методы
_91081009
_3RU\NLR\auth\66103702
610 0 _aсточные воды
_aбиологическая очистка
_aанаэробный процесс
_aбиореакторы
_aтехнологии
_aвиброкипящий слой
_aучебные пособия
675 _a628.3(075)
_v4
686 _a70.25.12
_2rugasnti
686 _aН761.204.4я73-1
700 1 _aКатраева
_bИ. В.
_gИнна Валентиновна
_4070
701 1 _aКулемина
_bС. В.
_gСветлана Вячеславовна
_4070
801 0 _aRU
_bЦНСХБ РАСХН
_c20080804
_gRCR
801 1 _aRU
_bЦНСХБ РАСХН
_c20080912
_2rusmarc
801 2 _aRU
_bNLR
_c20080925
_grcr
942 _cBOOK
980 _aNB
980 _aNBR